| 000 | 00370nam a22001577a 4500 | ||
|---|---|---|---|
| 003 | OSt | ||
| 005 | 20170105103505.0 | ||
| 008 | 140523t xxu||||| |||| 00| 0 eng d | ||
| 020 | _a9788131727409 | ||
| 040 | _cASAB | ||
| 100 |
_aDouglas S. Falconer _9868 |
||
| 245 | _aintroduction to quantitative genetics | ||
| 250 | _afourth edition | ||
| 300 | _a464 | ||
| 942 |
_2ddc _cBK |
||
| 999 |
_c17221 _d17221 |
||